[Event "5th GRENKE Chess Classic 2018"]
[Site "Baden-Baden"]
[Date "2018.04.08"]
[Round "8"]
[White "Bluebaum, Matthias"]
[Black "Vachier-Lagrave, Maxime"]
[Result "1/2-1/2"]
[WhiteElo "2631"]
[BlackElo "2789"]
[Annotator "TA"]
[PlyCount "89"]
[EventDate "2018.??.??"]
[EventType "tourn"]
[EventCountry "GER"]
[SourceTitle "playchess.com"]
[Source "ChessBase"]
[SourceQuality "1"]

{[%evp 13,89,9,12,18,16,18,20,12,20,21,14,11,14,11,14,14,15,11,8,8,16,14,19,1,11,19,33,44,47,39,38,11,46,31,39,29,41,29,22,26,27,-7,0,-13,-13,-14,-10,-7,0,0,0,0,7,0,0,0,7,7,7,0,7,7,0,0,0,0,0,-57,-57,-207,-207,-207,-121,-121,-121,-121,0,0]} 1. Nf3 c5 2. c4 Nf6 3. Nc3 d5 4. cxd5 Nxd5 5. e3 Nxc3 6. dxc3 {A34: Symmetrical English: 2 Nc3, lines with ...d5} Qc7 (6... Qxd1+ 7. Kxd1 Nc6 8. e4 b6 9. Kc2 Bb7 10. Bf4 h6 11. Rd1 g5 12. Bg3 Bg7 13. h3 {½-½ (45) Harikrishna,P (2744)-Nepomniachtchi,I (2729) Riadh 2017}) 7. e4 Nc6 {LiveBook: 4 Games} 8. Qd2 e6 9. Qg5 f6 $146 ({Predecessor:} 9... h6 10. Qg3 Qxg3 11. hxg3 Bd6 12. Be3 b6 13. g4 {½-½ (42) Bluebaum,M (2640)-Tari,A (2599) Wijk aan Zee 2018}) 10. Qh5+ Qf7 11. Qxf7+ Kxf7 12. Be3 e5 13. Bc4+ Be6 14. Bxe6+ Kxe6 15. O-O-O Be7 16. Rd5 Rhd8 17. Rhd1 b6 18. g4 Na5 19. b3 Rxd5 20. exd5+ Kf7 21. c4 ({Much worse is} 21. d6 Bf8 $15) 21... Nb7 22. Nd2 Rh8 23. Rg1 Nd6 24. Kc2 Re8 25. Kd3 h5 {Hoping for ...hxg4.} 26. g5 f5 {White must now prevent ...f4.} 27. f4 e4+ 28. Ke2 g6 29. Rc1 Rc8 30. a4 Nb7 31. Nf1 Bf8 32. Bd2 Bg7 33. Ne3 a6 34. Bc3 Bd4 35. Kd2 Re8 36. Rc2 Nd6 37. Ra2 Nb7 $36 {[%mdl 2048] Black has good play.} 38. Rc2 Ke7 39. Ra2 Na5 40. Bxa5 ({White should play} 40. Rb2 $11) 40... bxa5 $15 41. Rc2 (41. Ng2 $15) 41... Rb8 $19 42. Rc3 h4 (42... Bxc3+ $19 43. Kxc3 Rh8) 43. h3 $17 Kd6 44. Kc2 Bxe3 (44... Bxc3 $2 45. Kxc3 Rb7 46. Kc2 $19) (44... Re8 $17 {And now ...Rb8 would win.} 45. Kd2 Bxc3+ 46. Kxc3 Re7) 45. Rxe3 {Precision: White = 64%, Black = 62%.} 1/2-1/2

[Event "5th GRENKE Chess Classic 2018"]
[Site "Baden-Baden"]
[Date "2018.04.09"]
[Round "9"]
[White "Aronian, Levon"]
[Black "Bluebaum, Matthias"]
[Result "1/2-1/2"]
[WhiteElo "2794"]
[BlackElo "2631"]
[Annotator "TA"]
[PlyCount "82"]
[EventDate "2018.??.??"]
[EventType "tourn"]
[EventCountry "GER"]
[SourceTitle "playchess.com"]
[Source "ChessBase"]
[SourceQuality "1"]

{[%evp 25,82,14,35,14,14,14,14,14,25,25,22,22,34,29,29,0,0,0,13,0,16,0,8,0,0,0,0,0,0,0,0,0,0,0,0,0,0,0,0,0,0,0,0,0,0,0,0,0,0,0,0,0,0,0,0,0,0,0,0]} 1. d4 Nf6 2. c4 e6 3. Nf3 d5 4. Nc3 Bb4 5. Bg5 dxc4 6. e4 c5 7. Bxc4 cxd4 8. Nxd4 Bxc3+ 9. bxc3 Qa5 10. Bb5+ Bd7 {D39: Queen's Gambit Declined: Ragozin Defence with 5 Bg5 dxc4} 11. Bxf6 gxf6 12. Bxd7+ Nxd7 13. O-O Qxc3 {LiveBook: 6 Games} 14. Rc1 Qa5 {[#]} 15. Rb1 $146 ({Predecessor:} 15. Qb3 Rd8 16. Nxe6 fxe6 17. Qxe6+ Kf8 18. Qd6+ {½-½ (30) Jobava,B (2687)-Wojtaszek,R (2745) Linares 2017}) 15... Rd8 $1 16. Rxb7 {[#] aiming for Nc6.} Ne5 17. f4 Nc6 18. Nxc6 Qc5+ 19. Kh1 {[%csl Gc6][%cal Rd1d8]} Qxc6 20. Qb3 {[#] Strongly threatening Qb4.} (20. Qb1 $5 {[%cal Rb1b4]} O-O 21. Rxa7 $14) 20... Qxe4 {The position is equal.} 21. f5 O-O 22. fxe6 fxe6 23. Rxa7 Rf7 $132 {[%mdl 2048] Black puts up resistance} 24. Rxf7 (24. Qg3+ {is more complex.} Qg6 25. Ra6 Qxg3 26. hxg3 e5 27. Rfxf6 Rxf6 28. Rxf6 e4 29. Kh2) 24... Kxf7 $11 {[%mdl 4096] Endgame KQR-KQR} 25. Qc3 Qd4 26. Qf3 Rd5 27. h3 h5 28. a4 h4 29. Qf4 Qxf4 30. Rxf4 {KR-KR} Rd1+ 31. Kh2 e5 32. Rxh4 f5 33. Rb4 Ra1 34. h4 Kg6 35. g4 fxg4 36. Rxg4+ Kf5 37. Rb4 e4 38. Kg2 Kf4 39. h5 Ra2+ 40. Kh3 Ra3+ 41. Kg2 Ra2+ {Precision: White = 71%, Black = 78%.} 1/2-1/2

[Event "5th GRENKE Chess Classic 2018"]
[Site "Baden-Baden"]
[Date "2018.04.09"]
[Round "9"]
[White "Vachier-Lagrave, Maxime"]
[Black "Meier, Georg"]
[Result "1/2-1/2"]
[WhiteElo "2789"]
[BlackElo "2648"]
[Annotator "TA"]
[PlyCount "103"]
[EventDate "2018.??.??"]
[EventType "tourn"]
[EventCountry "GER"]
[SourceTitle "playchess.com"]
[Source "ChessBase"]
[SourceQuality "1"]

{[%evp 10,103,22,-3,-2,-10,0,0,6,0,30,0,0,0,0,-3,0,-22,-16,-23,-16,-58,24,29,38,34,28,0,0,0,0,7,9,0,0,-29,-15,-17,-11,-35,-28,-35,-29,-35,-24,-25,-25,-43,-32,-78,-26,-24,-35,-35,-35,-37,-18,-59,-59,-66,-70,-66,-62,-70,-62,-64,-62,-62,0,-62,-62,-67,0,-33,0,-70,-66,-68,-72,-68,0,0,0,0,0,-8,0,0,0,0,0,0,0,0,0,0]} 1. Nf3 d5 2. g3 Nf6 3. Bg2 e6 4. O-O Be7 5. d4 b5 6. Qd3 {LiveBook: 3 Games. A46: 1 d4 Nf6 2 Nf3 e6: Torre, London and Colle Systems} (6. Nbd2 Bb7 7. Ne5 Nbd7 8. c4 bxc4 9. Ndxc4 c5 10. Bf4 O-O 11. Rc1 Rc8 12. Qa4 Nxe5 13. dxe5 Bc6 {½-½ (33) Radjabov,T (2738)-Aronian,L (2784) Berlin 2015}) 6... O-O 7. Bg5 $146 ({Predecessor:} 7. Qxb5 Ba6 8. Qa5 Bxe2 9. Re1 Nc6 10. Qa4 Bxf3 11. Bxf3 Qd7 12. b3 Nb4 13. Qxd7 Nxd7 {1-0 (40) Landa,K (2617)-Barbot,P (2453) Escaldes 2017}) 7... c6 8. Nbd2 a5 9. e4 Ba6 10. Rfe1 h6 11. Bxf6 Bxf6 12. c3 b4 13. c4 dxc4 14. Nxc4 Ra7 15. Qc2 Bxc4 (15... c5 $15) 16. Qxc4 $11 Rd7 {[%cal Rf6d4]} 17. Rad1 Qb6 18. Bf1 Rfd8 {[%cal Rf6d4]} 19. e5 Be7 20. Rc1 Qa7 21. Rc2 c5 22. Rec1 {[%cal Rd4c5]} cxd4 23. Qd3 a4 24. b3 axb3 25. axb3 Qa5 26. Rc8 g6 27. h4 Kg7 28. h5 gxh5 29. Be2 Rxc8 ({Black should play} 29... Rd5 $17 {Strongly threatening ...Nd7.} 30. Bd1 Qa6) 30. Rxc8 Rd8 31. Rxd8 Bxd8 32. Qe4 Nd7 33. Bd3 Nf8 34. Nxd4 Qc5 35. Nf3 Bb6 36. Qe2 Nd7 37. Kg2 Qd5 38. Bc4 Qc5 ({Black should try} 38... Qb7 $15 39. Bd3 Qd5) 39. Bb5 (39. Bd3 $1 $11) 39... Nf8 $15 40. Bd3 Nd7 41. Bb5 Nf8 42. Bd3 Ng6 43. Qc2 Qc3 44. Be4 Bc7 (44... Ne7 $15) 45. Bxg6 $1 $11 {The position is equal.} fxg6 46. Qe4 $1 Qc5 47. Qh4 {[#] Hoping for Qf6+.} Bxe5 48. Nxe5 Qxe5 49. Qe7+ Kg8 50. Qe8+ Kg7 {And now ...Qd5+ would win.} 51. Qe7+ Kg8 52. Qe8+ {Precision: White = 54%, Black = 60%.} 1/2-1/2

[Event "5th GRENKE Chess Classic 2018"]
[Site "Baden-Baden"]
[Date "2018.04.09"]
[Round "9"]
[White "Anand, Viswanathan"]
[Black "Carlsen, Magnus"]
[Result "1/2-1/2"]
[WhiteElo "2776"]
[BlackElo "2843"]
[Annotator "TA"]
[PlyCount "81"]
[EventDate "2018.??.??"]
[EventType "tourn"]
[EventCountry "GER"]
[SourceTitle "playchess.com"]
[Source "ChessBase"]
[SourceQuality "1"]

{[%evp 20,81,48,39,35,31,26,12,12,21,14,0,0,-20,2,0,40,23,24,25,19,6,11,4,6,3,13,0,0,0,7,14,63,16,30,20,38,44,40,0,54,16,24,16,13,14,18,18,15,15,8,12,21,14,10,15,23,0,0,0,0,0,8,0]} 1. e4 c5 2. Nf3 d6 3. d4 cxd4 4. Nxd4 Nf6 5. Nc3 Nc6 6. Bg5 e6 7. Qd2 a6 8. O-O-O Bd7 9. f3 Nxd4 10. Qxd4 Be7 {B67: Sicilian: Richter-Rauzer: 7...a6 8 0-0-0 Bd7, lines without 9 f4 Be7} 11. Kb1 {LiveBook: 7 Games} (11. h4 Qc7 12. Kb1 b5 13. Qd2 b4 14. Ne2 a5 15. g4 h5 16. gxh5 Nxh5 17. Nd4 Rb8 18. Bh3 g6 19. Rhg1 {0-1 (54) Areshchenko,A (2652)-Demchenko,A (2645) Tbilisi 2017}) 11... b5 12. Bxf6 $146 ({Predecessor:} 12. g4 O-O 13. Be3 Bc6 14. h4 Nd7 15. h5 h6 16. Qd2 Rc8 17. a3 Ne5 18. Qg2 {½-½ (40) Gleichmann,M (2550)-Laghetti,G (2457) ICCF email 2015}) 12... gxf6 {White is slightly better.} 13. Ne2 Rc8 14. Qd2 Qb6 15. Nf4 h5 16. g3 Rc7 17. Bd3 {[%cal Bf1d3,Bd3c2,Bc2b3][%mdl 32]} Kd8 18. c3 Kc8 19. Bc2 Kb8 20. a3 a5 21. Bb3 Rb7 22. Nd3 Bc6 23. Rhe1 Rd8 24. f4 d5 25. exd5 exd5 26. Ka1 Bf8 27. Rc1 Ka7 28. Ba2 Rc7 29. Red1 Bb7 (29... Bd7 $11) 30. Ne1 d4 31. Nc2 {[%cal Rc2d4]} d3 32. Nd4 Bc5 33. Qxd3 Bxd4 $1 34. cxd4 Rxd4 35. Qe2 {[#] Hoping for Rxc7.} Rxc1+ 36. Rxc1 b4 37. Bxf7 h4 38. Qe3 Rd7 {The position is equal.} 39. Qxb6+ Kxb6 40. Be6 Rd2 41. gxh4 {Precision: White = 42%, Black = 64%.} 1/2-1/2

[Event "5th GRENKE Chess Classic 2018"]
[Site "Baden-Baden"]
[Date "2018.04.09"]
[Round "9"]
[White "Vitiugov, Nikita"]
[Black "Caruana, Fabiano"]
[Result "0-1"]
[WhiteElo "2735"]
[BlackElo "2784"]
[Annotator "TA"]
[PlyCount "80"]
[EventDate "2018.??.??"]
[EventType "tourn"]
[EventCountry "GER"]
[SourceTitle "playchess.com"]
[Source "ChessBase"]
[SourceQuality "1"]

{[%evp 9,80,8,6,0,1,18,12,2,13,0,0,0,0,0,0,-14,-14,0,0,-15,0,-35,-34,-29,-14,-22,-20,-32,-34,-42,-33,-31,-32,-37,0,0,0,0,-21,-16,-27,-88,0,-41,-39,-102,-73,-77,-89,-142,-139,-204,-184,-176,-169,-162,-137,-254,-227,-278,-127,-127,-133,-333,-355,-384,-381,-608,-610,-602,-594,-606,-586]} 1. e4 e5 2. Nf3 Nf6 {[%cal Bg8f6,Bf6e4,Be4c5][%mdl 32]} 3. d4 Nxe4 4. dxe5 d5 5. Nbd2 Qd7 $146 ({Predecessor:} 5... Nxd2 6. Bxd2 Be7 7. Bd3 c5 8. c3 Nc6 9. O-O Bg4 10. Re1 Qd7 11. h3 Bh5 12. Bf4 Qe6 13. a3 O-O {0-1 (69) Grischuk,A (2767)-Caruana,F (2784) Berlin 2018}) 6. Bd3 {C43: Petroff Defence: 3 d4} Nc5 7. Be2 g6 8. Nb3 {The position is equal.} Ne6 9. Be3 c5 10. Ng5 {Black should prevent Nxe6.} b6 11. Nxe6 fxe6 12. a4 Bb7 13. O-O Nc6 {[%cal Bb8c6,Bc6e7,Be7f5][%mdl 32]} 14. f4 Bh6 15. a5 Ne7 16. Bg4 d4 17. Bc1 O-O 18. Qd3 Bd5 19. Qh3 Bg7 $36 {[%mdl 2048] Black fights for an advantage.} 20. Nd2 Nf5 21. c4 dxc3 22. bxc3 Rad8 23. axb6 axb6 24. Re1 b5 25. Ne4 (25. Bf3 $11 {remains equal.}) 25... Qe7 (25... Bxe4 $1 $17 26. Rxe4 h5 27. Bxf5 Qd1+ 28. Kf2 Rxf5) 26. Ng5 {[%csl Gg5][%cal Rh3h7]} h6 27. Nf3 ({White should try} 27. Ne4 $15) 27... Bc6 28. Bxf5 gxf5 ({Don't play} 28... exf5 $6 29. Nh4 $11) 29. Be3 (29. Qh4 $142 Qxh4 30. Nxh4) 29... Rd3 $17 30. Rac1 (30. c4 $17) 30... Ra8 $1 $19 31. Qh4 Qxh4 32. Nxh4 c4 33. Kf2 {[#]} (33. Bc5 $17 {might work better.}) 33... Bf8 $1 34. Nf3 Bd5 (34... Bxf3 $19 {and Black stays clearly on top.} 35. Kxf3 Bc5) 35. Nd4 $17 Bc5 36. Nxf5 $2 {[#]} (36. Nc2 $17 Ba3 37. Nxa3 Rxa3 38. Rb1) 36... Ba3 $1 $19 {[%cal Ra3c1]} 37. Nxh6+ Kg7 38. f5 (38. Rc2 $142 Kxh6 39. f5+ Kg7 40. f6+ Kf7 41. h4) 38... Bxc1 {Black is clearly winning.} 39. Bxc1 Rxc3 {Hoping for ...Ra2+.} 40. f6+ Kg6 {Precision: White = 39%, Black = 73%.} 0-1

[Event "5th GRENKE Chess Classic 2018"]
[Site "Baden-Baden"]
[Date "2018.04.09"]
[Round "9"]
[White "Hou, Yifan"]
[Black "Naiditsch, Arkadij"]
[Result "1/2-1/2"]
[WhiteElo "2654"]
[BlackElo "2701"]
[Annotator "TA"]
[PlyCount "127"]
[EventDate "2018.??.??"]
[EventType "tourn"]
[EventCountry "GER"]
[SourceTitle "playchess.com"]
[Source "ChessBase"]
[SourceQuality "1"]

{[%evp 17,127,10,22,18,16,18,20,-8,10,0,18,0,33,16,16,27,13,19,73,36,63,11,74,64,72,60,58,65,65,64,64,70,68,70,70,76,71,81,79,62,66,47,59,18,104,5,12,16,10,16,99,85,185,185,185,185,185,185,167,157,185,118,185,87,87,0,0,0,0,0,40,86,75,0,26,26,87,87,87,0,0,0,0,0,0,0,0,0,0,0,0,0,0,0,0,0,0,0,0,0,0,0,0,0,0,0,0,0,0,0,0,0]} 1. e4 e5 2. Nf3 Nc6 3. Bc4 Bc5 4. c3 Nf6 5. d3 d6 6. O-O h6 7. Re1 a5 {C54: Giuoco Piano: 4 c3 Nf6, main lines with 5 d4 and 5 d3} (7... O-O 8. h3 a6 9. a4 Re8 10. b4 Ba7 11. Nbd2 Be6 12. Bxe6 Rxe6 13. Qc2 Qd7 14. Nf1 Ne7 15. Ng3 Ng6 16. c4 {½-½ (45) Karjakin,S (2763)-Anand,V (2776) Moscow 2018}) 8. Nbd2 {[%cal Bb1d2,Bd2f1,Bf1e3,Be3c2][%mdl 32]} O-O 9. Nf1 Be6 {LiveBook: 5 Games} 10. Bxe6 fxe6 11. Be3 $146 ({Predecessor:} 11. a4 Rf7 12. Ng3 d5 13. exd5 exd5 14. d4 exd4 15. cxd4 {½-½ (28) Rook,D (2477)-Holroyd,K (2529) ICCF email 2015}) 11... Bxe3 12. Nxe3 d5 13. h3 a4 14. Qe2 a3 15. b4 {[%cal Bb2b4,Bb4b5][%mdl 32]} d4 16. cxd4 exd4 17. Nc2 Nh5 (17... b5 $11) 18. b5 Nf4 19. Qd1 (19. Qf1 $14 Ne7 20. g3 (20. Nfxd4 e5 $14) 20... Nxh3+ 21. Qxh3 Rxf3 22. Qxe6+ Kh7 23. e5) 19... Ne5 (19... Na7 $11 20. Ncxd4 Qf6) 20. Nxe5 $16 {[#] Nf3 is the strong threat.} Qg5 {[%csl Gf4][%cal Rg5g2]} 21. Ng4 h5 22. Nxd4 {Black must now prevent Nf3.} hxg4 23. Qxg4 ({Not} 23. hxg4 $2 Rad8 $19) 23... Qxg4 24. hxg4 Rad8 25. Nb3 $1 {Hoping for d4.} Nxd3 26. Re2 b6 27. f3 Rd7 28. Rc2 Rfd8 29. Kf1 g5 30. Ke2 Rh7 {[#]} (30... Kf7 $11) 31. Rd2 (31. Nd2 $1 $16) 31... Nf4+ $1 $11 32. Kf2 Rxd2+ 33. Nxd2 {[%mdl 4096] Endgame White wants to play Nc4. KRN-KRN} Rh2 (33... Rd7 $1 $11 {remains equal.} 34. Nf1 e5) 34. Rg1 $16 Nh3+ (34... Rh7 $16 {might work better.}) 35. Kg3 $18 Nxg1 36. Kxh2 {KN-KN} Ne2 37. Nc4 Nc3 38. Nxa3 Nxa2 39. g3 (39. Kg1 $18) 39... Nb4 (39... e5 $16 {was called for.} 40. Nc4 Nc3 41. Nxe5 Nxb5) 40. Kg2 (40. Kg1 $18) 40... c6 $16 41. f4 ({Better is} 41. Kf2 $16) 41... cxb5 $11 42. Nxb5 {Strongly threatening e5.} e5 43. Kf3 Nd3 {[%cal Re5f4]} 44. Ke3 Nc5 45. f5 ({Much weaker is} 45. fxg5 Kf7 $11) ({White should play} 45. fxe5 $16 {Threatens to win with Kd4.} Kf7 46. Kd4) 45... Kf7 46. Nc7 Nb7 (46... Kg7 $11) 47. Ne6 Kf6 48. Nf8 ({White should try} 48. Kd3 $16) 48... Ke7 $1 {[%cal Re7f8] The position is equal.} 49. Nh7 b5 $1 {[%cal Bb6b5,Bb5b4,Bb4b3,Bb3b2][%mdl 32]} 50. Nxg5 b4 51. Nf3 b3 52. Nd2 Nc5 53. g5 {[%cal Bg4g5,Bg5g6][%mdl 32]} b2 54. Nb1 Kf7 55. g6+ Kg7 56. g4 Kf6 57. Kf3 Kg7 58. g5 Nd3 59. Ke2 Nc5 60. Ke3 Na4 61. Ke2 Nc5 62. Kf3 Nd3 63. Kg4 Nf4 64. Kf3 {Precision: White = 41%, Black = 51%.} 1/2-1/2